000 00614nam a22002057a 4500
003 OSt
005 20251211020519.0
008 251211b |||||||| |||| 00| 0 eng d
020 _a 978-0-470-60337-6
040 _aDWCL-Admin lib
_cOC
082 _aCirc. 657.3 W714 2010
100 _aMackenzie, Bruce
245 _aWiley applying IFRS for SMEs /
_cBruce Mackenzie
260 _aN.J. :
_bJohn Wiley & Sons,
_cc2010
300 _a xiii, 484 p. :
_bill. ;
_c24 cm.
504 _aIncludes index.
650 _a1. Accounting-Standards.
650 _a2. Small business-Accounting.
942 _2ddc
_cBK-CIRC
_kCirc.
_n0
999 _c7033
_d7033